000 00615nam a2200217 i 4500
001 142776
003 ES-MaACL
005 20250829112202.0
007 t|
008 071010s1973 sp ||||1| spa d
100 1 _aViers, Georges.
_9114596
245 1 4 _aLos Pirineos /
_cpor Georges Viers ; [traducción de Damiáa de Bas].
250 _a1ª ed.
260 _aBarcelona :
_bOikos-Tau,
_c1973.
300 _a126 p. ;
_c18 cm.
490 1 _a¿Qué sé?
700 0 _aBas, Damià de.
_926226
830 0 _a¿Qué sé?
_9181382
852 _aES-MaACL
_jC-54602
_bR.87466
999 _c142776
_d142776